| 000 | 00600nam a2200193Ia 4500 | ||
|---|---|---|---|
| 005 | 20250508155154.0 | ||
| 008 | 008 250505s9999 xx 000 0 eng d | ||
| 037 | _aBooks to be hide in OPAC | ||
| 040 |
_aFEDL _beng _cFEDL |
||
| 041 |
_aeng _2eng |
||
| 084 |
_a150, AME/O _qFEDL |
||
| 100 |
_aEricksen Stanford C _9591560 |
||
| 245 | 0 | _aStudies in the abstraction process | |
| 260 |
_aWashington, USA _bAmerican Psychological Association _c1962 |
||
| 300 | _a28p. | ||
| 546 | _aPsychological Monographs General and Applied | ||
| 942 |
_cHB _h150, AME/O |
||
| 999 |
_c1354911 _d1354911 |
||